| 000 | 00593nam a2200217Ia 4500 | ||
|---|---|---|---|
| 005 | 20240319140405.0 | ||
| 008 | 131103s9999 xx 000 0 und d | ||
| 020 |
_a0 7619 9459 9 _cRs..325.00 |
||
| 040 | _aLoreto College | ||
| 041 | _aEnglish | ||
| 082 |
_a150 _bPAN |
||
| 245 |
_aPsychology in India Revisited _cEdited by Janak Pandey |
||
| 250 | _a developments in the discipline | ||
| 260 |
_aNew Delhi _bSage _c2001 |
||
| 300 | _a502p. | ||
| 504 | _aIncludes bibliography & index | ||
| 650 | _aPsychology | ||
| 700 | _aPandey, Janak; ed. | ||
| 850 | _aLCBED | ||
| 942 | _cBK | ||
| 999 |
_c26938 _d77417 |
||